| 000 | 00454nam a2200157Ia 4500 | ||
|---|---|---|---|
| 999 |
_c6604 _d6604 |
||
| 020 | _a9788131602348 | ||
| 082 | _a338.761000954 MUK-I | ||
| 100 | _aMukherjee, Dipa | ||
| 245 | 0 | _aInformal sector in Indian economy: the way ahead | |
| 260 |
_aJaipur _bRawat Publications _c2009 |
||
| 300 | _axii, 188 | ||
| 504 | _aincludes appendix, bibliography and index | ||
| 650 |
_aInformal sector (Economics) _vIndia |
||
| 650 |
_aManufactures _vIndia |
||
| 942 | _cBK | ||